Ground penetrating radar a basic prototype / (Record no. 190749)

000 -LEADER
fixed length control field 00821 a2200193 4500
003 - CONTROL NUMBER IDENTIFIER
control field NUST
005 - DATE AND TIME OF LATEST TRANSACTION
control field 20251125131346.0
040 ## - CATALOGING SOURCE
Transcribing agency Nust
082 ## - DEWEY DECIMAL CLASSIFICATION NUMBER
Classification number 621.382,KHA
100 ## - MAIN ENTRY--PERSONAL NAME
Personal name Khan, Arslan (TCC-20)
9 (RLIN) 132065
245 ## - TITLE STATEMENT
Title Ground penetrating radar a basic prototype /
Statement of responsibility, etc. Arslan Khan, Muhammad Salek Ali, Haroon Rasheed and Muhammad Uzair
260 ## - PUBLICATION, DISTRIBUTION, ETC.
Place of publication, distribution, etc. Rawalpindi
Name of publisher, distributor, etc. MCS (NUST)
Date of publication, distribution, etc. 2012
300 ## - PHYSICAL DESCRIPTION
Extent x,80 p.;
505 ## - FORMATTED CONTENTS NOTE
Formatted contents note Introduction (Page-1), Basic GPR Concepts (Page-9), Antenna Development (Page-17), Signal Processing (Page-31), Algorithms for Focusing / migration (Page-42), Test Experiments for Buried Object Detection and data Analysis (Page-55), bibliography (Page-78).
650 ## - SUBJECT ADDED ENTRY--TOPICAL TERM
Topical term or geographic name entry element UG Projects
9 (RLIN) 98716
651 ## - SUBJECT ADDED ENTRY--GEOGRAPHIC NAME
Geographic name TCC-20
9 (RLIN) 131219
700 ## - ADDED ENTRY--PERSONAL NAME
Personal name Supervised by Maj Dr. Abdul Ghafoor
9 (RLIN) 132066
942 ## - ADDED ENTRY ELEMENTS (KOHA)
Koha item type Project Report
Source of classification or shelving scheme
Holdings
Withdrawn status Lost status Source of classification or shelving scheme Damaged status Not for loan Permanent Location Current Location Shelving location Date acquired Full call number Barcode Date last seen Price effective from Koha item type Public note
          Military College of Signals (MCS) Military College of Signals (MCS) Reference 12/12/2016 621.382,KHA MCSPTC-154 12/08/2016 12/12/2016 Project Report Almirah No. 94, Shelf No. 3
© 2023 Central Library, National University of Sciences and Technology. All Rights Reserved.